00552nam a2200169Ia 4500003000900000008004100009040001600050080001500066100002100081245012200102260004900224300001500273650004100288650001400329650002100343650001800364IN-BaIIA211028s9999 xx 000 0 eng d cIIA Library a524.3bVAN aVanbeveren, Dany 0aEvolution with mass lossbmassive stars massive binariescDany Vanbeveren  aBrusselbUrije Universiteit Te Brusselc1980 axii, 275p. aAstronomy and astrophysics thesaurus aMass loss aMassive binaries aMassive stars